| 000 | 01147nam a2200313Ia 4500 | ||
|---|---|---|---|
| 003 | OSt | ||
| 005 | 20221007125410.0 | ||
| 006 | a|||||r|||| 00| 0 | ||
| 007 | ta | ||
| 008 | 221006b |||||||| |||| 00| 0 eng d | ||
| 020 |
_a0486601153 (pbk) _c _ 11.95 |
||
| 024 | _a9971 | ||
| 037 |
_bI K, _cTextual |
||
| 040 |
_aCDL _cCDL _beng |
||
| 041 |
_2eng _aeng |
||
| 082 | _aC9B2:3, H4 | ||
| 100 |
_aHerzberg Gerhard _9635012 |
||
| 245 | 0 | _aAtomic spectra and atomic structure by Gerhard Herzberg.Tr by J W T Spinks | |
| 250 | _aEd 2 | ||
| 260 |
_aNew _bYork Dover Pub. Inc. _c1944 |
||
| 300 |
_axiii, 257p _ccm. |
||
| 490 | _vOriginally published in German as Atomspektren und Atomstruktur in 1937 | ||
| 500 | _aBibliography 237-242p; Index 243-257p; ^n23/CSL/CARC/2002-2003/491^d2002-11-21^mPurchase; ; 2002-03/504^b2002-12-11^cIK/2002/2035^d2002-11-28^eRs.927.00^fI K International Pvt. Ltd.; ; 2003-01-23^bSB^c2003-03-24^dRPS | ||
| 650 |
_a Atomic physics _9714275 |
||
| 650 |
_a Spectroscopy _9479665 |
||
| 650 | _aPhysics | ||
| 942 |
_hC9B2:3, H4 _cTEXL _2CC |
||
| 999 |
_c1215206 _d1215206 |
||